MLB Top 15 players (January 2021) - Statistics

General Stats
  • This quiz has been taken 262 times
  • The average score is 13 of 15
Answer Stats
Team Answer % Correct
Angels Mike Trout
100%
Dodgers Mookie Betts
95%
Braves Ronald Acuna jr
95%
Padres Fernando Tatis jr
94%
Braves Freddie Freeman
92%
Mets Jacob DeGrom
92%
Nationals Juan Soto
92%
Indians/Mets Francisco Lindor
90%
Yankees Gerrit Cole
89%
Brewers Christian Yelich
88%
Dodgers Cody Bellinger
86%
Rockies Nolan Arenado
85%
Padres Manny Machado
84%
Rockies Trevor Story
79%
Yankees DJ Lemahieu
55%
No matching quizzes found
Score Distribution
Percent of People with Each Score
Percentile by Number Answered
Your Score History
You have not taken this quiz